Operations management : (Record no. 1848)
[ view plain ]
| 000 -LEADER | |
|---|---|
| fixed length control field | 09504cam a2200289 a 4500 |
| 003 - CONTROL NUMBER IDENTIFIER | |
| control field | OSt |
| 005 - DATE AND TIME OF LATEST TRANSACTION | |
| control field | 20210701054408.0 |
| 008 - FIXED-LENGTH DATA ELEMENTS--GENERAL INFORMATION | |
| fixed length control field | 210701b ||||| |||| 00| 0 eng d |
| 020 ## - INTERNATIONAL STANDARD BOOK NUMBER | |
| International Standard Book Number | 9780132807395 |
| 020 ## - INTERNATIONAL STANDARD BOOK NUMBER | |
| International Standard Book Number | 0132807394 |
| 040 ## - CATALOGING SOURCE | |
| Transcribing agency | ALUPE UNIVERSITY |
| 050 00 - LIBRARY OF CONGRESS CALL NUMBER | |
| Classification number | TS155 |
| Item number | .K785 2013 |
| 100 1# - MAIN ENTRY--PERSONAL NAME | |
| Personal name | Krajewski, Lee J. |
| Authority record control number or standard number | http://id.loc.gov/authorities/names/n80062086 |
| 245 10 - TITLE STATEMENT | |
| Title | Operations management : |
| Remainder of title | processes and supply chains / |
| Statement of responsibility, etc. | Lee J. Krajewski, Larry P. Ritzman, Manoj K. Malhotra. |
| 250 ## - EDITION STATEMENT | |
| Edition statement | 10th ed. |
| 260 ## - PUBLICATION, DISTRIBUTION, ETC. | |
| Place of publication, distribution, etc. | Upper Saddle River, N.J. : |
| Name of publisher, distributor, etc. | Pearson, |
| Date of publication, distribution, etc. | c2013. |
| 300 ## - PHYSICAL DESCRIPTION | |
| Extent | xix, 651 p. : |
| Other physical details | ill. (mostly col.) ; |
| Dimensions | 29 cm. |
| 500 ## - GENERAL NOTE | |
| General note | Includes index. |
| 650 #0 - SUBJECT ADDED ENTRY--TOPICAL TERM | |
| Topical term or geographic name entry element | Production management. |
| Authority record control number or standard number | http://id.loc.gov/authorities/subjects/sh85107216 |
| 700 1# - ADDED ENTRY--PERSONAL NAME | |
| Personal name | Ritzman, Larry P. |
| Authority record control number or standard number | http://id.loc.gov/authorities/names/n78097878 |
| 700 1# - ADDED ENTRY--PERSONAL NAME | |
| Personal name | Malhotra, Manoj K. |
| Fuller form of name | (Manoj Kumar), |
| Dates associated with a name | 1960- |
| Authority record control number or standard number | http://id.loc.gov/authorities/names/n2005090257 |
| 942 ## - ADDED ENTRY ELEMENTS (KOHA) | |
| Source of classification or shelving scheme | |
| Koha item type | Book |
| Suppress in OPAC | PW |
| Withdrawn status | Lost status | Source of classification or shelving scheme | Damaged status | Not for loan | Permanent Location | Current Location | Shelving location | Date acquired | Total Checkouts | Full call number | Barcode | Date last seen | Price effective from | Koha item type | Public note |
|---|---|---|---|---|---|---|---|---|---|---|---|---|---|---|---|
| AU LIBRARY | AU LIBRARY | Open Shelf | 01.07.2021 | TS155 .K785 2013 | 28002758 | 01.07.2021 | 01.07.2021 | Book | PW |